Trendy v poskytování rozvojové pomoci zemí OECD vůči LDC´s

OECD a DAC ((Development Assistance Committee). Najmenej rozvinuté krajiny a ďaľšie skupiny znevýhodnených štátov. Klúčové dokumenty vzťahujúce sa k LDC. Česká republika a krajiny V4.

Uložené v:
Podrobná bibliografia
Hlavný autor: Piknerová, Linda
Médium: Kapitola
Jazyk:Czech
Predmet:
Tagy: Pridať tag
Žiadne tagy, Buďte prvý, kto otaguje tento záznam!

MARC

LEADER 00000nla a2200000 4500
001 0241799
005 20240417075134.7
041 0 |a cze 
044 |a CZ 
245 1 0 |a Trendy v poskytování rozvojové pomoci zemí OECD vůči LDC´s  |c Linda Piknerová 
520 |a OECD a DAC ((Development Assistance Committee). Najmenej rozvinuté krajiny a ďaľšie skupiny znevýhodnených štátov. Klúčové dokumenty vzťahujúce sa k LDC. Česká republika a krajiny V4. 
610 2 0 |a krajiny rozvojové 
610 2 0 |a pomoc rozvojová 
610 2 0 |a OECD 
610 2 0 |a spolupráca medzinárodná 
610 2 0 |a Česko 
610 2 0 |a Vyšehradská štvorka 
100 1 |a Piknerová, Linda